000 00512cam a22002052a 4500
999 _c34639
_d34639
001 003888
003 AR-FADEU
005 20211214130840.0
008 311216n1994####xxu####################dd
040 _cBiblioteca Ernesto Sábato
092 _a982.04
_bM324
_eBDGR
100 _aMarfany, Roberto H.
245 _aEpisodios de la Revolución de Mayo
260 _aBuenos Aires
260 _bTheoria
260 _c1966
300 _a101 p
650 _aREVOLUCIÓN DE MAYO-1810
942 _cBDGR
_2ddc